000 00421nam a2200169Ia 4500
003 GCL
008 140319s9999 xx 000 0 eng d
040 _aGCL /
_cGCL
082 0 4 _a746.92
_bG C
100 1 _aSTONE, JEFF
245 1 0 _aCLOTHES /
_cSTONE, JEFF
700 1 _aGROSS, KIM JOHNSON
260 _a[S.N] :
_bTHAMES AND HUDSON ،
_c1995
650 0 4 _aCLOTHING AND DRESS
650 0 4 _aCOSTUMES
942 _2ddc
_cBK
999 _c11549
_d11549